000 00354nam a2200145Ia 4500
008 151213s9999 xx 000 0 und d
100 _aD.H.Lawrence
245 _aSons and Lovers
_cD.H.Lawrence
260 _aLondon
_c1960
300 _a8390 p.
650 _aEnglish Literature
650 _aEnglish Literature
700 _aD.H.Lawrence
999 _c4228
_d4228